Airlines that serve Reykjavik (KEF) - Statistics

General Stats
  • This quiz has been taken 50 times
  • The average score is 14 of 28
Answer Stats
Airline % Correct
Icelandair
97%
British Airways
90%
Lufthansa
90%
easyJet
86%
United Airlines
79%
Finnair
76%
Air Canada
69%
Delta Air Lines
69%
Scandinavian Airlines
66%
Transavia
59%
Wizz Air
55%
airBaltic
52%
Austrian Airlines
52%
WestJet
48%
Air Greenland
45%
Air Transat
45%
Vueling
45%
Eurowings
41%
LOT Polish Airlines
41%
Atlantic Airways
28%
Norwegian Air Shuttle
28%
Jet2.com
24%
Neos
24%
Alaska Airlines
21%
Edelweiss Air
21%
Iberia Express
21%
TUI Airways
17%
Discover Airlines
10%
No matching quizzes found
Score Distribution
Percent of People with Each Score
Percentile by Number Answered
Your Score History
You have not taken this quiz